000 00694nam a2200241Ia 4500
005 20260430150708.0
008 008 250103s9999 xx 000 0 eng d
037 _aTheses
040 _aCRL
040 _beng
040 _ceng
041 _2eng
041 _aeng
084 _qCRL
100 _aYadav Vikash Au.; Narsimhan Ranjana Gu.
_91238236
245 0 _aNuclear Policy of Japan And Interest groups: Post-Fukushima Nuclear Policy and Security Analysis
260 _c2024
300 _a232p.
650 _aEast Asia - History
700 _aUniversity of Delhi. Faculty of Social Science. Deptt. of East Asian Studies
_91238237
942 _cTH
999 _c1850409
_d1850409